000 00548nam a2200169 i 4500
001 75440
003 ES-MaACL
005 20230906172443.0
007 t|
008 040924s1957 sp ||||1| spa d
100 1 _aGrafe, Louis M.
_959511
245 1 0 _aHágase rico a pesar de usted mismo /
_cLouis M. Grafe ; traducción, acotaciones y prólogo de Jaime Vicens Carrió.
260 _aBarcelona :
_bVergara,
_c[1957] (
_fDuplex)
300 _a204 p. ;
_c22 cm.
700 1 _aVicens Carrió, Jaime.
_9114317
852 _aES-MaACL
_jC-14121
_bR.41303
999 _c75440
_d75440